00245 a2200109 4500001000700000020000600007040001100013100001900024240004400043245003900087362000900126177569 a  cMagnum aGrupo Projetar10aVivencias uma aprendizagem efetivalpor10aVivencias uma aprendizagem efetiva0 a1899